000 01402nam a22002417a 4500
003 NALT
005 20251211140726.0
008 s2557 th tha d
040 _aNALT
041 _atha
050 _aJQ 1745.A6
_bช622ป 2557
110 2 _aสถาบันชุมชนท้องถิ่นพัฒนา
_936242
245 1 0 _aปฏิรูประบบการปกครองและกระจายอำนาจ :
_bข้อเสนอจากเวทีภาคีพัฒนาประเทศไทย (LDI Booklet 3)
_cสถาบันชุมชนท้องถิ่นพัฒนา.
250 _aพิมพ์ครั้งที่ 2.
260 _aกรุงเทพฯ :
_bโครงการเวทีภาคีพัฒนาประเทศไทย สถาบันชุมชนท้องถิ่นพัฒนา,
_c2557.
300 _a65 หน้า :
_bแผนภูมิ, ตาราง ;
_c21 ซม.
650 4 _aการกระจายอำนาจการปกครอง
_934184
_zไทย
650 4 _aการบริหารรัฐกิจ
_zไทย
_916498
650 4 _a
653 4 _aร่างพระราชบัญญัติการบริหารจังหวัดปกครองตนเอง
850 _aNALT
942 _cGB
_2lcc
999 _c74482
_d74482
998 _j104
_k นางสาวสายฝน ดีงาม